| 000 | 00000nam##2200000za#4500 |
| 001 | 9.644061 |
| 003 | CaOODSP |
| 005 | 20211104135534 |
| 007 | cr ||||||||||| |
| 008 | 150407|2005||||xxc|||||o f|0| 0 fre|d |
| 040 | |aCaOODSP|bfre |
| 043 | |an-cn--- |
| 086 | 1 |aIN4-16/2005F-PDF |
| 110 | 2 |aBureau du surintendant des institutions financières Canada. |
| 245 | 10|aBureau du surintendant des institutions financières (BSIF) aperçu des constatations qui ressortent des consultations auprès des régimes de retraite |h[ressource électronique] |
| 246 | 15|aRapport concernant les consultations auprès des régimes de retraite - présenté au Bureau du surintendant des institutions financières (BSIF), le 28 novembre 2005 |
| 260 | |aOttawa - Ontario : |bBureau du surintendant des institutions financières |cLe 28 novembre 2005. |
| 300 | |a97p.|bgraphiques, tableaux |
| 500 | |a« The Strategic Counsel - Rapport concernant les consultations auprès des régimes de retraite, présenté au Bureau du surintendant des institutions financières (BSIF) »--p.3-97. |
| 590 | |a14-22-Supp|b2014-12-24 |
| 691 | 07|aPension|2gcpds |
| 775 | 08|tOffice of the Superintendant of Financial Institutions (OSFI) overview of pension consultation findings |w(CaOODSP)9.700153 |
| 856 | 40|ahttp://publications.gc.ca|qPDF|s7.98 Mo|uhttps://publications.gc.ca/collections/collection_2014/bsif-osfi/IN4-16-2005-fra.pdf |